| 000 | 01088nam a2200301K 4500 | ||
|---|---|---|---|
| 001 | 21297 | ||
| 003 | BD-RjUL | ||
| 005 | 20211209000653.0 | ||
| 008 | 140304r19471944nyu b 000 1 eng d | ||
| 035 | _a(BD-RjUL)21361 | ||
| 035 | _a(OCoLC)586236569 | ||
| 040 |
_aOCLCE _beng _cOCLCE _dOCLCQ _dBD-RjUL |
||
| 041 | _aeng | ||
| 082 | 0 | 4 |
_a822.33 _bIRP 1947 |
| 100 | 1 |
_aIrvine, Theodora Ursula. _965841 |
|
| 245 | 1 | 2 |
_aA pronouncing dictionary of Shakespearean proper names / _cby Theodora Irvine. |
| 260 |
_aNew York : _bBarnes & Noble, _c1944 [reprinted 1947]. |
||
| 300 |
_alviii, 387 p. ; _c22 cm. |
||
| 500 | _aOriginally published in 1919, under title: How to pronounce the names in Shakespeare. | ||
| 504 | _aBibliography: p. xv-xix. | ||
| 600 | 1 | 0 |
_aShakespeare, William, _d1564-1616 _xLanguage. _965850 |
| 600 | 1 | 0 |
_aShakespeare, William, _d1564-1616 _xDictionaries, indexes, etc. _965851 |
| 650 | 0 |
_aNames, Personal _xEnglish. _965845 |
|
| 650 | 0 |
_aNames, Geographical _xEnglish. _965846 |
|
| 942 |
_2ddc _cBK |
||
| 999 |
_c21297 _d21297 |
||